| 000 | 00720nam a2200181Ia 4500 | ||
|---|---|---|---|
| 003 | GCL | ||
| 008 | 140319s9999 xx 000 0 ara d | ||
| 040 |
_aGCL / _cGCL |
||
| 082 | 0 | 4 |
_a616.3 _bا ا |
| 100 | 1 | _aهويت، ارثر | |
| 245 | 1 | 0 |
_aالتهاب القولون: نشرح اسباب هذا الداء المعاوى ونصف المعالجة الذاتية باستعمال اساليب الشفاء الصينى / _cهويت، ارثر |
| 260 |
_a[S.N] : _bمؤسسة الابحاث اللغوية ، _c1987 |
||
| 300 | _a128 ص | ||
| 490 |
_aسلسلة ساعد نفسك الجديدة _v0 |
||
| 650 | 0 | 4 | _aامراض الجهاز العصبى |
| 650 | 0 | 4 | _aالتهاب القولون |
| 942 |
_2ddc _cBK |
||
| 999 |
_c47181 _d47181 |
||